000
00325nam a2200133Ia 4500
008
190216s9999||||xx |||||||||||||| ||und||
100
_a
Narayanan S And Manicavachagom Pillay T K
245
0
_a
Complex Analysis
250
_a
THIRD
260
_b
Viswanathan S.
_c
1985
300
_a
201
650
_a
Mathematics
942
_c
BK
999
_c
30793
_d
30793